[Event "Rheinland Pfalz op 10th"]
[Site "Nickenich"]
[Date "2018.06.02"]
[Round "6"]
[White "John, Volkmar"]
[Black "Opitz, Frank"]
[Result "1/2-1/2"]
[WhiteElo "1743"]
[BlackElo "1915"]
[PlyCount "92"]
[EventDate "2018.05.31"]
[EventType "swiss"]
[EventRounds "7"]
[EventCountry "GER"]
[SourceTitle "EXT 2019"]
[Source "ChessBase"]
[SourceDate "2018.10.10"]
[SourceVersion "1"]
[SourceVersionDate "2018.10.10"]
[SourceQuality "1"]

1. Nf3 Nf6 2. c4 d6 3. g3 e5 4. d3 c6 5. Bg2 Be7 6. 0-0 0-0 7. Nc3 Nbd7 8. d4 a6 9. b4 Re8 10. c5 exd4 11. cxd6 dxc3 12. dxe7 Qxe7 13. Qb3 Nb6 14. e3 Nbd5 15. Ba3 Qc7 16. Nd4 Ne4 17. Bc1 Qb6 18. a3 a5 19. Qc2 Nef6 20. Rb1 axb4 21. axb4 Bg4 22. Re1 Bh5 23. f4 Nxe3 24. Qxc3 Nxg2 25. Rxe8+ Rxe8 26. Kxg2 Nd5 27. Qc5 Be2 28. Qxb6 Nxb6 29. Kf2 Ba6 30. b5 cxb5 31. Nxb5 Nd5 32. Nd6 Re2+ 33. Kg1 Re1+ 34. Kf2 Rf1+ 35. Kg2 Ne3+ 36. Kh3 g6 37. Rb3 Rxc1 38. Rxe3 Rd1 39. Re8+ Kg7 40. Rd8 Rd3 41. Nxb7 Rxd8 42. Nxd8 Bb5 43. Nb7 Bf1+ 44. Kh4 h5 45. Nd6 f6 46. g4 hxg4 1/2-1/2

[Event "Rheinland Pfalz op 10th"]
[Site "Nickenich"]
[Date "2018.06.01"]
[Round "3"]
[White "Opitz, Frank"]
[Black "Becker, Stefan1111"]
[Result "1/2-1/2"]
[WhiteElo "1915"]
[BlackElo "1603"]
[PlyCount "72"]
[EventDate "2018.05.31"]
[EventType "swiss"]
[EventRounds "7"]
[EventCountry "GER"]
[SourceTitle "EXT 2019"]
[Source "ChessBase"]
[SourceDate "2018.10.10"]
[SourceVersion "1"]
[SourceVersionDate "2018.10.10"]
[SourceQuality "1"]

1. Nf3 g6 2. e4 d6 3. d3 Bg7 4. c3 c5 5. Nbd2 Nc6 6. Be2 Nf6 7. 0-0 0-0 8. a4 h6 9. Re1 Be6 10. Rb1 a5 11. d4 cxd4 12. Nxd4 Nxd4 13. cxd4 d5 14. e5 Ne8 15. Bd3 Nc7 16. Nf3 Na6 17. Bd2 Qb6 18. Qe2 Nb4 19. Bb5 Bf5 20. Bxb4 axb4 21. Rbc1 Rac8 22. Qd2 Qa5 23. Rxc8 Rxc8 24. Rc1 Rxc1+ 25. Qxc1 b3 26. Qd2 Qc7 27. Ne1 h5 28. Qd1 Bc2 29. Qe2 Bh6 30. h3 Qa5 31. Nxc2 bxc2 32. Qxc2 Qd8 33. Qc5 Bf8 34. Be2 e6 35. Qc3 Kg7 36. a5 Be7 1/2-1/2

[Event "Travemuende op 29th"]
[Site "Travemuende"]
[Date "2012.12.27"]
[Round "1"]
[White "Opitz, Frank"]
[Black "Voloshin, Leonid"]
[Result "0-1"]
[WhiteElo "1957"]
[BlackElo "2426"]
[PlyCount "70"]
[EventDate "2012.12.27"]
[EventType "swiss"]
[EventRounds "7"]
[EventCountry "GER"]
[SourceTitle "CBM 152 Extra"]
[Source "ChessBase"]
[SourceDate "2013.02.25"]
[SourceVersion "1"]
[SourceVersionDate "2013.02.25"]
[SourceQuality "1"]

1. d4 Nf6 2. Nc3 d5 3. Bg5 c5 4. e3 e6 5. Nf3 Nbd7 6. Be2 Be7 7. 0-0 a6 8. a4 b6 9. Ne5 Bb7 10. f4 0-0 11. Qe1 Rc8 12. Qh4 Re8 13. Rf3 Nf8 14. Rh3 N6d7 15. Bd3 f5 16. Ng4 Bxg5 17. fxg5 c4 18. Be2 fxg4 19. Bxg4 h6 20. gxh6 Qxh4 21. Rxh4 Nf6 22. hxg7 Ng6 23. Rh3 Nxg4 24. Rg3 Nxe3 25. Rxe3 e5 26. Rae1 Kxg7 27. Ne2 e4 28. Rg3 Rf8 29. Rf1 Rxf1+ 30. Kxf1 Kf6 31. Rh3 Bc6 32. b3 cxb3 33. Rxb3 b5 34. axb5 Bxb5 35. Kf2 Rxc2 0-1

[Event "Schneeberg op"]
[Site "Schneeberg"]
[Date "2009.03.12"]
[Round "5"]
[White "Eichner, Christian"]
[Black "Opitz, Frank"]
[Result "1-0"]
[WhiteElo "2161"]
[BlackElo "2009"]
[PlyCount "117"]
[EventDate "2009.03.09"]
[EventType "swiss"]
[EventRounds "7"]
[EventCountry "GER"]
[SourceTitle "EXT 2010"]
[Source "ChessBase"]
[SourceDate "2010.11.25"]
[SourceVersion "1"]
[SourceVersionDate "2010.11.25"]
[SourceQuality "1"]

1. e4 d5 2. exd5 Qxd5 3. Nc3 Qd8 4. d4 Nf6 5. Bc4 Bg4 6. Nf3 e6 7. h3 Bxf3 8. Qxf3 c6 9. Ne2 Nbd7 10. 0-0 Bd6 11. Re1 0-0 12. Bf4 Qc7 13. Bxd6 Qxd6 14. Rad1 Nd5 15. a3 N7f6 16. Bd3 b5 17. Ng3 Qf4 18. Qe2 Qh4 19. Ne4 Nxe4 20. Bxe4 Rab8 21. Qf3 Rfd8 22. Kh2 Rd6 23. g3 Qf6 24. Bxd5 Rxd5 25. Qxf6 gxf6 26. Rd3 Rbd8 27. Rc3 R8d6 28. Re4 Kf8 29. Kg2 Ke7 30. Rh4 h5 31. Kf3 Kd7 32. g4 hxg4+ 33. Rxg4 Rxd4 34. Rg8 Rh4 35. Kg3 Rdd4 36. Ra8 Ra4 37. b3 Rad4 38. Rxa7+ Kd6 39. Ra6 Rh7 40. Raxc6+ Ke5 41. R6c5+ Kd6 42. Rxb5 Rg7+ 43. Kf3 Rh4 44. Ke2 f5 45. Rd3+ Kc6 46. Re5 Rg1 47. b4 Rc4 48. c3 Ra1 49. Ra5 Re4+ 50. Re3 Rf4 51. Rf3 Ra2+ 52. Ke3 Re4+ 53. Kd3 Ra1 54. Rc5+ Kd6 55. Rc4 Ree1 56. Rd4+ Kc6 57. Kc4 Rxa3 58. b5+ Kb6 59. Rd6+ 1-0

[Event "Norderstedt op 5th"]
[Site "Norderstedt"]
[Date "2005.03.27"]
[Round "1.12"]
[White "Janitzek, Nils"]
[Black "Opitz, Frank"]
[Result "0-1"]
[WhiteElo "1624"]
[BlackElo "2097"]
[PlyCount "50"]
[EventDate "2005.03.27"]
[EventType "swiss"]
[EventRounds "7"]
[EventCountry "GER"]
[SourceTitle "EXT 2006"]
[Source "ChessBase"]
[SourceDate "2005.11.24"]
[SourceVersion "1"]
[SourceVersionDate "2005.11.24"]
[SourceQuality "1"]

1. e4 e6 2. d4 d5 3. e5 Qd7 4. Nf3 b6 5. Bd3 c5 6. c3 Ba6 7. 0-0 Bxd3 8. Qxd3 Nc6 9. Be3 cxd4 10. Bxd4 Nge7 11. Nbd2 Ng6 12. Nb3 Be7 13. Rfe1 0-0 14. a4 f6 15. Qe3 fxe5 16. Nxe5 Ncxe5 17. Bxe5 Nxe5 18. Qxe5 Rf6 19. Re2 Bd6 20. Qd4 Raf8 21. g3 Qf7 22. Rd1 Qh5 23. Rde1 Qh3 24. Qd1 Rh6 25. f4 Bxf4 0-1

[Event "Berlin Lichtenberger Sommer 3th"]
[Site "Berlin"]
[Date "2004.08.22"]
[Round "8.30"]
[White "Skorna, Ullrich"]
[Black "Opitz, Frank"]
[Result "1-0"]
[WhiteElo "2052"]
[BlackElo "1900"]
[PlyCount "89"]
[EventDate "2004.08.14"]
[EventType "swiss"]
[EventRounds "9"]
[EventCountry "GER"]
[SourceTitle "EXT 2022"]
[Source "ChessBase"]
[SourceDate "2021.10.06"]
[SourceVersion "1"]
[SourceVersionDate "2021.10.06"]
[SourceQuality "1"]

1. e4 b6 2. d4 Bb7 3. Bd3 Nf6 4. Qe2 Nc6 5. c3 e5 6. d5 Ne7 7. f4 Ng6 8. fxe5 Nxe5 9. Nf3 Bd6 10. 0-0 h6 11. Nxe5 Bxe5 12. Nd2 0-0 13. Nf3 d6 14. Nxe5 dxe5 15. b3 Ne8 16. Qh5 Qd6 17. Be3 Bc8 18. c4 Nf6 19. Qe2 Ng4 20. Bd2 a5 21. Qf3 f5 22. exf5 Nxh2 23. Kxh2 e4+ 24. Bf4 exf3 25. Bxd6 fxg2 26. Bxc7 gxf1Q 27. Rxf1 Rf6 28. Be5 Rf7 29. f6 g5 30. Bg6 Bd7 31. Bxf7+ Kxf7 32. Bd4 Re8 33. Rf2 b5 34. c5 Re4 35. Rd2 Rh4+ 36. Kg1 Rg4+ 37. Kf2 Rf4+ 38. Ke3 Bg4 39. Be5 Rf3+ 40. Kd4 Ke8 41. c6 Rf1 42. d6 Rc1 43. d7+ Kd8 44. f7 Rf1 45. Kc5 1-0

[Event "Berlin Lichtenberger Sommer 3th"]
[Site "Berlin"]
[Date "2004.08.15"]
[Round "2.27"]
[White "Brauer, Christian E"]
[Black "Opitz, Frank"]
[Result "1-0"]
[WhiteElo "2132"]
[BlackElo "1900"]
[PlyCount "99"]
[EventDate "2004.08.14"]
[EventType "swiss"]
[EventRounds "9"]
[EventCountry "GER"]
[SourceTitle "EXT 2022"]
[Source "ChessBase"]
[SourceDate "2021.10.06"]
[SourceVersion "1"]
[SourceVersionDate "2021.10.06"]
[SourceQuality "1"]

1. d4 b6 2. e4 Bb7 3. Nc3 e6 4. a3 Nf6 5. f3 d5 6. e5 Nfd7 7. f4 c5 8. Nf3 Nc6 9. Be3 cxd4 10. Nxd4 Nxd4 11. Bxd4 a6 12. Be2 Bc5 13. 0-0 Qc7 14. Kh1 Bxd4 15. Qxd4 Qc5 16. Qd3 g6 17. Rad1 Rc8 18. Ne4 Qc7 19. Nd6+ Ke7 20. Nxc8+ Rxc8 21. c3 Nc5 22. Qg3 Ne4 23. Qh4+ Kf8 24. Qxh7 Qc5 25. Qh8+ Ke7 26. Qh4+ Kf8 27. Bf3 Qb5 28. Bxe4 dxe4 29. Rd8+ Rxd8 30. Qxd8+ Kg7 31. Qf6+ Kg8 32. Rd1 Bd5 33. c4 Qb3 34. Re1 Bxc4 35. Qd8+ Kg7 36. Qd4 Bd5 37. Re3 Qa2 38. Qd2 Qc4 39. Kg1 Qc5 40. Qc3 Qb5 41. h4 Qa4 42. Qd2 a5 43. h5 Qe8 44. hxg6 fxg6 45. f5 Qb8 46. Rh3 Qxe5 47. Qh6+ Kg8 48. Qxg6+ Kf8 49. f6 Qd4+ 50. Kh1 1-0

[Event "Friedrichroda op 10th"]
[Site "Friedrichroda"]
[Date "2003.02.14"]
[Round "8"]
[White "Bielmeier, Ludwig"]
[Black "Opitz, Frank"]
[Result "1-0"]
[WhiteElo "2176"]
[BlackElo "2109"]
[PlyCount "91"]
[EventDate "2003.02.10"]
[EventType "swiss"]
[EventRounds "9"]
[EventCountry "GER"]
[SourceTitle "EXT 2004"]
[Source "ChessBase"]
[SourceDate "2003.11.25"]
[SourceVersion "1"]
[SourceVersionDate "2003.11.25"]
[SourceQuality "1"]

1. Nf3 d6 2. d4 Nf6 3. c4 c6 4. g3 Bg4 5. Bg2 Nbd7 6. 0-0 e5 7. Nbd2 g6 8. h3 Bxf3 9. Nxf3 Bg7 10. b3 0-0 11. Bb2 e4 12. Nd2 d5 13. e3 Re8 14. Qe2 Nf8 15. Rfc1 Rc8 16. b4 Qd7 17. Rc2 Ne6 18. a4 a6 19. c5 Rf8 20. Bc3 Ne8 21. b5 axb5 22. axb5 N8c7 23. bxc6 bxc6 24. Ra7 Ra8 25. Rca2 Rxa7 26. Rxa7 Qc8 27. Ra2 Nb5 28. Bb2 f5 29. Bf1 g5 30. Qd1 f4 31. Qg4 Qe8 32. Bxb5 cxb5 33. Ra6 Nxc5 34. dxc5 Bxb2 35. Qxg5+ Kh8 36. Qxd5 fxe3 37. fxe3 Qc8 38. Rh6 Bg7 39. Rh5 Qe8 40. c6 Qg6 41. g4 Qf6 42. Rf5 Qa1+ 43. Rf1 Rxf1+ 44. Nxf1 Qa8 45. Qxb5 Qd8 46. c7 1-0